000 00475nam a2200169 a 4500
001 8263
005 20180713192204.0
008 140415s1987 mx 000 0 spa d
041 _aspa
082 _a580.744
_bJAR
100 1 _aCLARASO, NOEL
245 1 0 _aPLANTAS EN LOS BALCONES, EN LOS PATIOS Y EN EL INTERIOR
250 _a8ed.
260 _aMEXICO :
_bG. GILI,
_c1987
490 _aJARDINERIA: PLANTAS, ARBOLES Y FLORES
650 1 4 _aJARDINES
_xPLANTAS
999 _c8263
_d8263